[Event "7e Festival de Vaujany 2016 - principal"]
[Site "Vaujany"]
[Date "2016.07.19"]
[Round "4.26"]
[White "Borderie, David"]
[Black "Cordara, Michele"]
[Result "0-1"]
[WhiteElo "1845"]
[BlackElo "1974"]
[PlyCount "86"]
[EventDate "2016.??.??"]

1. Nf3 Nf6 2. c4 c5 3. e3 g6 4. d4 Bg7 5. Nc3 O-O 6. Be2 d6 7. h3 b6 8. O-O Bb7
9. d5 e5 10. dxe6 fxe6 11. Ng5 Qe7 12. Bf3 Nc6 13. Nge4 Nxe4 14. Bxe4 Rad8 15.
Qa4 Na5 16. Bxb7 Qxb7 17. Bd2 d5 18. cxd5 exd5 19. e4 dxe4 20. Nxe4 Rd4 21.
Nxc5 Rxa4 22. Nxb7 Nxb7 23. Rac1 Nc5 24. b4 Nd3 25. Rc7 Rxa2 26. Be3 Nxb4 27.
Rd1 Ra1 28. Rxg7+ Kxg7 29. Rxa1 Rf7 30. Rd1 Rb7 31. Rd8 Kf7 32. Rd6 Ke7 33. Rd4
Nc2 34. Rh4 Ke6 35. Bc1 Kd5 36. Bb2 b5 37. Kf1 Re7 38. g3 a5 39. Rg4 Re1+ 40.
Kg2 Ne3+ 41. fxe3 Re2+ 42. Kf3 Rxb2 43. e4+ Ke6 0-1

[Event "7e Festival de Vaujany 2016 - principal"]
[Site "Vaujany"]
[Date "2016.07.19"]
[Round "4.27"]
[White "Van Foreest, Machteld"]
[Black "Jognery, Lionel"]
[Result "1/2-1/2"]
[WhiteElo "1708"]
[BlackElo "1960"]
[PlyCount "82"]
[EventDate "2016.??.??"]

1. e4 e5 2. Nf3 d6 3. d4 Nf6 4. Nc3 Nbd7 5. Bc4 Be7 6. O-O O-O 7. Re1 c6 8. h3
b5 9. Bf1 a6 10. Nh4 Nxe4 11. Nxe4 Bxh4 12. dxe5 dxe5 13. Qd6 Bb7 14. Rd1 Nb6
15. Nc5 Qb8 16. Nxb7 Qxb7 17. Qxe5 Bf6 18. Qe4 Rfe8 19. Qf5 Re5 20. Qf3 Rae8
21. Be3 R5e6 22. Bd4 Nd5 23. Bxf6 Rxf6 24. Qb3 Rxf2 25. Re1 Rxf1+ 26. Kxf1 Rd8
27. c4 Nf4 28. Rad1 Rxd1 29. Qxd1 Qa8 30. Qd7 Ne6 31. cxb5 axb5 32. Rc1 Qxa2
33. Qxc6 Qxb2 34. Qc8+ Nf8 35. Qc3 Qa2 36. Qb4 Qd5 37. Re1 Ne6 38. Qe4 Qd6 39.
Qa8+ Nf8 40. Re8 b4 41. Qb8 Qc5 1/2-1/2

[Event "7e Festival de Vaujany 2016 - principal"]
[Site "Vaujany"]
[Date "2016.07.19"]
[Round "4.28"]
[White "Ferriz, Simon"]
[Black "Kutchoukov, Daniel"]
[Result "1-0"]
[WhiteElo "1969"]
[BlackElo "1778"]
[PlyCount "51"]
[EventDate "2016.??.??"]

1. e4 c6 2. d3 d5 3. Nd2 e5 4. Ngf3 Bg4 5. Be2 Bd6 6. h3 Bxf3 7. Bxf3 Nf6 8.
O-O Nbd7 9. d4 dxe4 10. Nxe4 Nxe4 11. Bxe4 O-O 12. dxe5 Bxe5 13. Be3 Qe7 14. c3
Nf6 15. Bf3 Rfd8 16. Qc2 Nd5 17. Bxd5 Rxd5 18. Rad1 Rd6 19. Bc5 Bh2+ 20. Kh1
Qf6 21. Bxd6 Bxd6 22. Qe4 g6 23. Rd3 Rd8 24. Rfd1 Bc7 25. Rxd8+ Bxd8 26. Qe8+
1-0

[Event "7e Festival de Vaujany 2016 - principal"]
[Site "?"]
[Date "2016.07.19"]
[Round "4.30"]
[White "Jeanbart, Pierre"]
[Black "Geher, Koppany"]
[Result "1/2-1/2"]
[WhiteElo "1902"]
[BlackElo "1931"]
[PlyCount "139"]

1. e4 e6 2. d4 d5 3. Nd2 Nf6 4. e5 Nfd7 5. f4 c5 6. Ngf3 Nc6 7. Nb3 Be7 8. Be3
b6 9. Be2 O-O 10. O-O f6 11. c4 fxe5 12. cxd5 exd5 13. fxe5 cxd4 14. Bxd4 Nxd4
15. Nbxd4 Bc5 16. b4 Bxd4+ 17. Qxd4 Bb7 18. Bd3 Qe7 19. Rae1 a5 20. Qg4 Rae8
21. Bxh7+ Kxh7 22. Qh5+ Kg8 23. Ng5 g6 24. Qxg6+ Qg7 25. Rxf8+ Rxf8 26. Qe6+
Kh8 27. Qh3+ Kg8 28. Ne6 Qg6 29. Nxf8 Nxf8 30. Qb3 Qc6 31. Re3 Qc1+ 32. Kf2
Qd2+ 33. Kg3 Ne6 34. Qd3 Qxd3 35. Rxd3 a4 36. h4 d4 37. Kf2 Bd5 38. a3 Kf7 39.
g4 Kg6 40. Kg3 Be4 41. Rd1 Bd5 42. Rf1 Kg7 43. g5 Bc4 44. Rf2 d3 45. Rd2 Nd4
46. h5 Nb3 47. Rd1 d2 48. Kf2 Bf7 49. g6 Bc4 50. Ke3 Kh6 51. Rg1 Kxh5 52. Kf4
Be6 53. g7 Kh6 54. g8=Q Bxg8 55. Kf5 Nd4+ 56. Kf6 Kh5 57. Rd1 Nb3 58. e6 Bxe6
59. Kxe6 Kg4 60. Kd5 Kf3 61. Kc6 Ke2 62. Rh1 d1=Q 63. Rxd1 Kxd1 64. Kxb6 Kc2
65. Kb5 Kd3 66. Kxa4 Kc4 67. b5 Nd4 68. b6 Nc6 69. b7 Kc5 70. Kb3 1/2-1/2

[Event "7e Festival de Vaujany 2016 - principal"]
[Site "Vaujany "]
[Date "2016.07.20"]
[Round "5.1"]
[White "Van Foreest, Jorden"]
[Black "Chatalbashev, Boris"]
[Result "1-0"]
[WhiteElo "2584"]
[BlackElo "2545"]
[PlyCount "57"]
[EventDate "2016.??.??"]
[BlackTeam "Tour Prends Garde! Besancon"]

1. e4 g6 2. d4 Bg7 3. Nc3 c6 4. f4 d5 5. e5 Nh6 6. Nf3 f6 7. Bd3 O-O 8. h3 fxe5
9. dxe5 c5 10. b3 e6 11. h4 c4 12. bxc4 dxc4 13. Bxc4 Qc7 14. Qe2 Nf5 15. Ne4
b5 16. Bb3 b4 17. g4 Ba6 18. Qf2 Qc6 19. gxf5 Qxe4+ 20. Qe3 Qc6 21. f6 Bh6 22.
h5 gxh5 23. Rxh5 Qb5 24. Qg1+ Kh8 25. Nd4 Qc5 26. Qg7+ Bxg7 27. fxg7+ Kg8 28.
gxf8=Q+ Qxf8 29. Nxe6 1-0

[Event "7e Festival de Vaujany 2016 - principal"]
[Site "Vaujany "]
[Date "2016.07.20"]
[Round "5.2"]
[White "Bauer, Christian"]
[Black "Horvath, Jozsef"]
[Result "1/2-1/2"]
[WhiteElo "2621"]
[BlackElo "2507"]
[PlyCount "70"]
[EventDate "2016.??.??"]
[WhiteTeam "C.E. de  Bois-Colombes"]
[BlackTeam "Echiquier Orangeois"]

1. e4 c5 2. Nf3 e6 3. g3 Nc6 4. d3 Nf6 5. Bg2 d6 6. O-O Be7 7. Re1 O-O 8. c3
Bd7 9. a3 b5 10. Nbd2 e5 11. Nf1 Re8 12. h3 Bf8 13. Ne3 g6 14. b4 cxb4 15. axb4
Bg7 16. Bd2 h6 17. Ra6 (17. Nh2 $1 {C.Bauer}) 17... Bc8 18. Ra3 (18. Rxc6 Bb7
19. Rc4 bxc4 20. Nxc4 Ba6 $1 {C.Bauer}) 18... Be6 19. Nh2 a5 20. Nd5 Bxd5 21.
exd5 Ne7 22. c4 axb4 23. Rxa8 Qxa8 24. Bxb4 bxc4 25. dxc4 (25. Bxd6 Qa6 26.
Bxe5 Nexd5 27. dxc4 Qxc4) 25... Qa6 26. c5 dxc5 27. Bxc5 Qa5 28. Bxe7 Rxe7 29.
Ng4 Nxg4 (29... Ne8 30. Ne3 Nd6) 30. hxg4 Qb4 31. Re4 Qc5 32. Bf3 Ra7 33. Kg2
Bf6 34. Ra4 Rxa4 35. Qxa4 Kg7 1/2-1/2

[Event "7e Festival de Vaujany 2016 - principal"]
[Site "Vaujany "]
[Date "2016.07.20"]
[Round "5.3"]
[White "Mihok, Oliver"]
[Black "Joie, Sebastien"]
[Result "1/2-1/2"]
[WhiteElo "2509"]
[BlackElo "2387"]
[PlyCount "82"]
[EventDate "2016.??.??"]
[BlackTeam "Cercle d'Echecs de l'Agglomération Annécienne"]

1. e4 e5 2. Nf3 Nc6 3. Bb5 a6 4. Ba4 d6 5. O-O Bd7 6. d4 Nf6 7. Bxc6 Bxc6 8.
Re1 Be7 9. Nc3 exd4 10. Nxd4 O-O 11. Nf5 Kh8 12. Bg5 Ng8 13. Nxe7 Nxe7 14. e5
f6 15. exd6 Ng6 16. Be3 f5 17. dxc7 Qxc7 18. f3 b5 19. Qd4 Qb7 20. Rad1 Rac8
21. a3 a5 22. Bf2 b4 23. axb4 axb4 24. Na2 b3 25. cxb3 Qxb3 26. Nc1 Qb8 27. Bg3
f4 28. Bf2 Rcd8 29. Qb6 Rxd1 30. Rxd1 Qa8 31. Bd4 Bxf3 32. Qc7 Rg8 33. gxf3 (
33. Bxg7+ Rxg7 34. Rd8+) 33... Qxf3 34. Rd3 Qg4+ 35. Kf1 Nh4 36. Bxg7+ Qxg7 37.
Qxg7+ Kxg7 38. Ne2 Kh6 39. Rd4 Nf5 40. Rxf4 Ne3+ 41. Kf2 Nd1+ 1/2-1/2

[Event "7e Festival de Vaujany 2016 - principal"]
[Site "Vaujany "]
[Date "2016.07.20"]
[Round "5.4"]
[White "Drozdowski, Kacper"]
[Black "Le Corre, Benjamin"]
[Result "1/2-1/2"]
[WhiteElo "2490"]
[BlackElo "2323"]
[PlyCount "96"]
[EventDate "2016.??.??"]
[BlackTeam "Vandoeuvre-Echecs"]

1. e4 e6 2. d4 d5 3. Nd2 Nc6 4. Ngf3 Nf6 5. e5 Nd7 6. Nb3 f6 7. Bb5 a6 8. Bxc6
bxc6 9. O-O fxe5 10. Na5 Qf6 11. Nxc6 e4 12. Nfe5 Nxe5 13. Nxe5 Bd6 14. Qh5+ g6
15. Qh6 c5 16. Ng4 Qf5 17. h3 Bf8 18. Qd2 Bg7 19. dxc5 d4 20. Qb4 h5 21. Qa4+
Bd7 22. c6 Bc8 23. Nh2 O-O 24. h4 a5 25. c4 dxc3 26. bxc3 Ba6 27. Be3 Bb5 28.
Qc2 Bxf1 29. Nxf1 Rac8 30. Ng3 Qd5 31. Nxe4 Rxc6 32. Rd1 Qf5 33. Qa4 Rc7 34.
Bb6 Rcf7 35. Ng5 Rb7 36. Qc6 Rfb8 37. Bc7 Rb1 38. Rxb1 Rxb1+ 39. Kh2 Be5+ 40.
Bxe5 Qxe5+ 41. g3 Qf6 42. Qe8+ Kg7 43. Qd7+ Kg8 44. Kg2 Rb2 45. Qe8+ Kg7 46.
Qd7+ Kg8 47. Qe8+ Kg7 48. Qd7+ Kg8 1/2-1/2

[Event "7e Festival de Vaujany 2016 - principal"]
[Site "Vaujany "]
[Date "2016.07.20"]
[Round "5.5"]
[White "Rooze, Jan"]
[Black "Brunner, Nicolas"]
[Result "0-1"]
[WhiteElo "2322"]
[BlackElo "2443"]
[PlyCount "78"]
[EventDate "2016.??.??"]
[WhiteTeam "C.E.M.C. Monaco"]
[BlackTeam "Vandoeuvre-Echecs"]

1. e4 c5 2. Nf3 d6 3. Bb5+ Nd7 4. d4 cxd4 5. Qxd4 a6 6. Bxd7+ Bxd7 7. O-O e5 8.
Qd3 h6 9. c4 b5 10. Na3 Qb8 11. Bd2 Nf6 12. Rfe1 Qb7 13. cxb5 axb5 14. Bb4 Bc6
15. Rac1 Be7 16. Nd2 O-O 17. f3 Rfc8 18. Nc2 d5 19. Bxe7 Qxe7 20. exd5 Nxd5 21.
Nd4 Nf4 22. Nxc6 Rxc6 23. Qf1 Rg6 24. g3 Rxa2 25. Qxb5 Qd8 26. Rc2 Rb6 27. Rc8
Qxc8 28. Qxb6 Nd3 29. Rb1 Qc2 30. Qd8+ Kh7 31. Qd7 Ra6 32. Qxf7 Qxd2 33. Qf5+
Rg6 34. Rf1 Nf4 35. Rf2 Qc1+ 36. Rf1 Qxb2 37. Rf2 Qc1+ 38. Rf1 Qe3+ 39. Rf2 Nd3
0-1

[Event "7e Festival de Vaujany 2016 - principal"]
[Site "Vaujany "]
[Date "2016.07.20"]
[Round "5.6"]
[White "Valles, Manuel"]
[Black "Bluhm, Sonja Maria"]
[Result "1/2-1/2"]
[WhiteElo "2397"]
[BlackElo "2229"]
[PlyCount "141"]
[EventDate "2016.??.??"]
[WhiteTeam "Echiquier Centre Vaucluse "]

1. Nf3 d5 2. g3 Nf6 3. Bg2 c6 4. O-O Bf5 5. b3 h6 6. Bb2 e6 7. c4 Be7 8. d3 O-O
9. Nbd2 Nbd7 10. a3 a5 11. Ra2 Re8 12. Qa1 Bh7 13. Rb1 Bd6 14. b4 e5 15. b5 Qc7
16. Rc1 Qb6 17. bxc6 bxc6 18. d4 exd4 19. Bxd4 c5 20. Bxf6 Nxf6 21. cxd5 Rxe2
22. Nc4 Rxa2 23. Qxa2 Qc7 24. Nfd2 Rd8 25. Nxd6 Qxd6 26. Nc4 Qa6 27. Qd2 a4 28.
Qe3 Qb5 29. Qe7 Rd7 30. Qe3 Rd8 31. Qf4 Nxd5 32. Qd2 Qd7 33. Nb2 Nb6 34. Qxd7
Rxd7 35. Rxc5 Rd2 36. Rb5 Nd7 37. Bc6 Bc2 38. Rb4 Ne5 39. Bxa4 Bxa4 40. Nxa4
Rd3 41. Re4 Rxa3 42. Nc5 Nc6 43. Kg2 g6 44. g4 Kg7 45. h4 Rc3 46. Nb7 Rb3 47.
Nd6 Rb4 48. Kg3 Rxe4 49. Nxe4 f6 50. Nd6 Nd4 51. Kf4 Ne6+ 52. Ke4 Nc5+ 53. Ke3
Ne6 54. h5 Nd8 55. f4 Nc6 56. Ke4 Ne7 57. Kd4 Kf8 58. hxg6 Nxg6 59. Ke4 Kg7 60.
Kf5 Nh4+ 61. Ke6 Ng2 62. f5 Nf4+ 63. Ke7 Nd5+ 64. Ke6 Nf4+ 65. Kd7 h5 66. gxh5
Nxh5 67. Ne4 Nf4 68. Ke7 Nd5+ 69. Ke6 Ne3 70. Nxf6 Nxf5 71. Kxf5 1/2-1/2

[Event "7e Festival de Vaujany 2016 - principal"]
[Site "Vaujany "]
[Date "2016.07.20"]
[Round "5.7"]
[White "Midoux, Sebastien"]
[Black "Di Nicolantonio, Lucas"]
[Result "0-1"]
[WhiteElo "2343"]
[BlackElo "2393"]
[PlyCount "60"]
[EventDate "2016.??.??"]
[WhiteTeam "CE Vitrolles"]
[BlackTeam "Cercle d'Echecs de l'Agglomération Annécienne"]

1. d4 d5 2. Nc3 Nf6 3. Bf4 e6 4. e3 Be7 5. Bd3 O-O 6. g4 c5 7. g5 Nfd7 8. Nf3
Nc6 9. h4 c4 10. Bf1 Re8 11. a3 a6 12. Bg2 b5 13. Kf1 Bf8 14. h5 Bb7 15. Nh2 f6
16. gxf6 Nxf6 17. Ng4 h6 18. Rg1 Nxg4 19. Qxg4 Qf6 20. Bxd5 exd5 21. Nxd5 Qf7
22. Bxh6 Kh8 23. Nf4 gxh6 24. Ng6+ Kh7 25. d5 Ne5 26. Nxe5 Rxe5 27. Ke2 Bxd5
28. f4 Rxh5 29. Rad1 Re8 30. Rd4 Bc5 0-1

[Event "7e Festival de Vaujany 2016 - principal"]
[Site "Vaujany "]
[Date "2016.07.20"]
[Round "5.8"]
[White "Viennot, Dylan"]
[Black "Skomorokhin, Roman"]
[Result "1/2-1/2"]
[WhiteElo "2331"]
[BlackElo "2396"]
[PlyCount "119"]
[EventDate "2016.??.??"]
[WhiteTeam "Mulhouse Philidor"]

1. e4 c5 2. Nf3 e6 3. c4 Nc6 4. Nc3 Nge7 5. a3 Nd4 6. Nxd4 cxd4 7. Ne2 e5 8. d3
a5 9. Ng3 Nc6 10. Be2 d6 11. f4 Be7 12. O-O O-O 13. Bg4 exf4 14. Bxf4 Bg5 15.
Bxc8 Rxc8 16. Qh5 Bxf4 17. Rxf4 g6 18. Qh6 f6 19. Raf1 Ne5 20. Qh3 Nxd3 21.
Rxf6 Rxf6 22. Rxf6 Qxf6 23. Qxc8+ Kg7 24. Nh1 Qe7 25. Qg4 Ne5 26. Qg3 Qf7 27.
b3 a4 28. Nf2 axb3 29. Qxb3 Qxc4 30. Qxb7+ Kh6 31. Qb1 d3 32. Qd1 Qd4 33. Qd2+
Kg7 34. h3 Qa1+ 35. Kh2 Qxa3 36. Qg5 Qa7 37. Ng4 Nxg4+ 38. hxg4 h6 39. Qd5 Qe3
40. Qxd6 Qxe4 41. Qd7+ Kf6 42. Qd8+ Ke6 43. Qe8+ Kd5 44. Qb5+ Kd4 45. Qb4+ Ke3
46. Qe1+ Kf4 47. g3+ Ke5 48. Qa5+ Qd5 49. Qe1+ Kd4 50. Qa1+ Kc5 51. Qa5+ Kd6
52. Qb6+ Kd7 53. Qa7+ Ke6 54. Qe3+ Kd7 55. Qa7+ Kc6 56. Qa6+ Kc5 57. Qa5+ Kc4
58. Qa2+ Kd4 59. Qa1+ Kc5 60. Qa5+ 1/2-1/2

[Event "7e Festival de Vaujany 2016 - principal"]
[Site "?"]
[Date "2016.07.20"]
[Round "5.9"]
[White "Vanheirzeele, Saniel"]
[Black "Favarel, Camille"]
[Result "0-1"]
[WhiteElo "2142"]
[BlackElo "2256"]
[PlyCount "130"]

1. d4 d5 2. c4 c6 3. Nf3 Nf6 4. Qb3 dxc4 5. Qxc4 Bg4 6. Nbd2 Nbd7 7. g3 e6 8.
Bg2 Bd6 9. O-O O-O 10. Qb3 Qb6 11. Nc4 Qxb3 12. axb3 Bc7 13. Bf4 Bxf4 14. gxf4
Nd5 15. e3 Bxf3 16. Bxf3 g6 17. Na5 Rab8 18. Nc4 a6 19. Rfc1 N7f6 20. Ne5 Rfd8
21. Be2 Nd7 22. Nd3 N7b6 23. Bf3 Kg7 24. Bxd5 Nxd5 25. Kg2 Nc7 26. Nc5 Rd5 27.
Rd1 f6 28. Rac1 Kf7 29. Kf3 Nb5 30. Nd3 Rc8 31. Rc5 Rd6 32. Rh1 Rcd8 33. Rcc1
R6d7 34. Nc5 Rc7 35. Ne4 Re7 36. Rc5 Nc7 37. Nc3 Ne8 38. Ne4 Ng7 39. Ng3 h5 40.
h4 Red7 41. Rhc1 Rg8 42. Rd1 Nf5 43. Rh1 Rdd8 44. Kg2 Ke7 45. Kh3 Nd6 46. Rd1
Rd7 47. Kg2 Rc8 48. Kf3 Nf5 49. Rh1 Rd5 50. Rc3 Rb5 51. Ne4 Rd8 52. Nc5 a5 53.
Kg2 Rg8 54. Kh3 Rc8 55. Rg1 Kf7 56. Ne4 Rd8 57. Ra1 Ne7 58. Ra3 b6 59. Nd2 Rf5
60. Nf3 Rb5 61. Ra1 Rc8 62. Rac1 Nd5 63. Rd3 Nb4 64. Rdd1 Rd8 65. Nd2 Nd3 0-1

[Event "7e Festival de Vaujany 2016 - principal"]
[Site "?"]
[Date "2016.07.20"]
[Round "5.10"]
[White "Chalmeta Ugas, Ramon"]
[Black "Teychene, Jean-Louis"]
[Result "1-0"]
[WhiteElo "2249"]
[BlackElo "1853"]
[PlyCount "81"]

1. e4 e5 2. Nf3 Nc6 3. d4 exd4 4. Nxd4 Bc5 5. Nb3 Bb6 6. Nc3 Nge7 7. Bg5 O-O 8.
Qd2 d6 9. O-O-O Be6 10. Nd5 f6 11. Be3 Bxe3 12. Qxe3 a5 13. a4 Bf7 14. Nc3 Qc8
15. f4 Nb4 16. h3 Qe6 17. Nb5 Qc8 18. g4 d5 19. Bg2 Re8 20. Rhe1 dxe4 21. Bxe4
f5 22. Bf3 Ned5 23. Qd2 Rxe1 24. Rxe1 Nb6 25. Nc5 c6 26. Nd6 Qc7 27. Nxf5 Rd8
28. Qh2 N6d5 29. Bxd5 Nxd5 30. Nd3 Bg6 31. Re5 Bxf5 32. Rxf5 Ne3 33. Re5 Nc4
34. Re4 Nd6 35. Re6 Nf7 36. Qe2 Rf8 37. f5 Qg3 38. Qe3 Qc7 39. Re7 Qb8 40. Nc5
Rd8 41. Nd7 1-0

[Event "7e Festival de Vaujany 2016 - principal"]
[Site "?"]
[Date "2016.07.20"]
[Round "5.11"]
[White "Drozdowski, Konrad"]
[Black "Gaborit, Jean-Pierre"]
[Result "1/2-1/2"]
[WhiteElo "2088"]
[BlackElo "2182"]
[PlyCount "101"]

1. e4 e6 2. d4 d5 3. Nc3 Nf6 4. Bg5 Be7 5. e5 Nfd7 6. h4 h6 7. Bxe7 Qxe7 8. Qg4
O-O 9. f4 a6 10. Nf3 c5 11. O-O-O Nc6 12. Qg3 b5 13. f5 cxd4 14. f6 Nxf6 15.
exf6 Qxf6 16. Qc7 dxc3 17. Qxc6 cxb2+ 18. Kb1 Rb8 19. Qc7 Bb7 20. Qe5 Qxe5 21.
Nxe5 Rbc8 22. Be2 f6 23. Ng6 Rfe8 24. Bf3 Rcd8 25. Nf4 g5 26. hxg5 hxg5 27. Nd3
Rc8 28. Rh6 Kg7 29. Rdh1 Rh8 30. Rxh8 Rxh8 31. Rxh8 Kxh8 32. Nc5 Bc8 33. Kxb2
f5 34. g3 g4 35. Bg2 Kg7 36. Kc3 Kf6 37. Kd4 b4 38. Bf1 a5 39. Bg2 f4 40. gxf4
Kf5 41. Ke3 d4+ 42. Kf2 Kxf4 43. Nb3 e5 44. Nxa5 Be6 45. Nc6 Bxa2 46. Nxb4 g3+
47. Ke2 Bc4+ 48. Nd3+ Kf5 49. Bh3+ Kg5 50. Bg2 Kf5 51. Bh3+ 1/2-1/2

[Event "7e Festival de Vaujany 2016 - principal"]
[Site "?"]
[Date "2016.07.20"]
[Round "5.12"]
[White "Juhasz, Barbara"]
[Black "Strohl, Antoine"]
[Result "1-0"]
[WhiteElo "2179"]
[BlackElo "1913"]
[PlyCount "105"]

1. e4 c5 2. Nf3 Nc6 3. Bb5 d6 4. d4 cxd4 5. Qxd4 Bd7 6. Qd3 g6 7. c4 Bg7 8. O-O
Nf6 9. Nc3 O-O 10. h3 Rc8 11. Be3 Nb4 12. Qe2 a6 13. Bxd7 Nxd7 14. Rfc1 Nc6 15.
Rab1 Qa5 16. Qd2 Qb4 17. Qe2 Qa5 18. a3 Qh5 19. b3 Qa5 20. Qb2 Qh5 21. Qd2 Nc5
22. Qd5 Qxd5 23. exd5 Ne5 24. Nxe5 Bxe5 25. Kf1 Nd3 26. Rc2 Nc5 27. Ke2 Kg7 28.
g4 Kg8 29. f3 Rfe8 30. Ne4 Nxe4 31. fxe4 Kf8 32. Kd3 Red8 33. Bb6 Rd7 34. Bd4
Bxd4 35. Kxd4 e5+ 36. dxe6 fxe6 37. Rf2+ Kg7 38. Rbf1 Rcc7 39. Rf8 Rf7 40.
R8xf7+ Rxf7 41. Rxf7+ Kxf7 42. e5 Ke7 43. h4 b6 44. b4 a5 45. h5 gxh5 46. gxh5
h6 47. exd6+ Kxd6 48. Ke4 e5 49. Kf5 a4 50. Ke4 Ke6 51. c5 bxc5 52. bxc5 Kf6
53. Kd5 1-0

[Event "7e Festival de Vaujany 2016 - principal"]
[Site "?"]
[Date "2016.07.20"]
[Round "5.13"]
[White "Suez-Panama, Gilles"]
[Black "Meunier, Clement"]
[Result "0-1"]
[WhiteElo "2017"]
[BlackElo "2338"]
[PlyCount "62"]

1. d4 Nf6 2. Nf3 c5 3. d5 b5 4. e4 Nxe4 5. Nbd2 Nf6 6. c4 d6 7. Bd3 g6 8. h4 h6
9. Qc2 Na6 10. a3 Bf5 11. Bxf5 gxf5 12. cxb5 Nc7 13. Qxf5 Qd7 14. Qxd7+ Kxd7
15. a4 Nfxd5 16. Nc4 Bg7 17. Nfd2 Rhb8 18. Ra3 a6 19. bxa6 Rxa6 20. Rg3 Ne6 21.
b3 Bh8 22. Rf3 Nd4 23. Rxf7 Nf6 24. Rh3 Ke6 25. Rxf6+ Bxf6 26. Re3+ Kf7 27. Kd1
Bxh4 28. g3 Bg5 29. f4 Bf6 30. Ne4 Rxb3 31. Nxf6 Kxf6 0-1

[Event "7e Festival de Vaujany 2016 - principal"]
[Site "?"]
[Date "2016.07.20"]
[Round "5.14"]
[White "Mina, Marco"]
[Black "David, Bogdan-Emanuel"]
[Result "1-0"]
[WhiteElo "2009"]
[BlackElo "2161"]
[PlyCount "75"]

1. e4 c5 2. Nf3 Nc6 3. d4 cxd4 4. Nxd4 e5 5. Nb5 d6 6. N1c3 a6 7. Na3 b5 8. Nd5
Nge7 9. c4 Nxd5 10. cxd5 Nd4 11. Bd3 g6 12. O-O Bg7 13. Be3 O-O 14. Qd2 f5 15.
exf5 Nxf5 16. Bg5 Qb6 17. Nc2 h6 18. Bxf5 Bxf5 19. Be3 Qb7 20. Nb4 Kh7 21. Nc6
Rac8 22. Rfd1 Rf7 23. a4 Bd7 24. axb5 Qxb5 25. Na7 Qb7 26. Nxc8 Qxc8 27. Qb4
Bf8 28. Rdc1 Qa8 29. Qc4 Qb7 30. Qxa6 Qxd5 31. Rc7 Bg7 32. Qb7 Qxb7 33. Rxb7
Be6 34. Rxf7 Bxf7 35. b4 Bc4 36. Ra5 d5 37. b5 d4 38. Bd2 1-0

[Event "7e Festival de Vaujany 2016 - principal"]
[Site "?"]
[Date "2016.07.20"]
[Round "5.15"]
[White "Dudugnon, Thibault"]
[Black "Bianchi, Tobias"]
[Result "0-1"]
[WhiteElo "2158"]
[BlackElo "2016"]
[PlyCount "98"]

1. e4 c5 2. Nf3 d6 3. d4 cxd4 4. Nxd4 Nf6 5. Nc3 Nc6 6. Bg5 e6 7. Qd2 a6 8.
O-O-O Bd7 9. f4 b5 10. Nxc6 Bxc6 11. e5 dxe5 12. Qxd8+ Rxd8 13. Rxd8+ Kxd8 14.
fxe5 h6 15. Bxf6+ gxf6 16. exf6 Rg8 17. Ne2 Bc5 18. Ng3 Kc7 19. Bd3 Bxg2 20.
Rd1 Rg4 21. Bf1 Bd5 22. Be2 Rh4 23. Bh5 Rxh2 24. Bxf7 Rf2 25. Rf1 Rxf1+ 26.
Nxf1 Bd4 27. b3 Bxf6 28. Kd2 Kd6 29. Kd3 Be5 30. Bh5 Bf4 31. Ne3 Bxe3 32. Kxe3
Ke5 33. a3 a5 34. b4 axb4 35. axb4 Bc4 36. c3 Bf1 37. Kf2 Bc4 38. Ke3 Bf1 39.
Kf2 Bc4 40. Ke3 Kf5 41. Be8 Kg4 42. Bc6 h5 43. Bf3+ Kg5 44. Bg2 h4 45. Bh3 Bd5
46. Bf1 Kg4 47. Bxb5 h3 48. Be2+ Kg3 49. c4 Bg2 0-1

[Event "7e Festival de Vaujany 2016 - principal"]
[Site "?"]
[Date "2016.07.20"]
[Round "5.16"]
[White "Schmitt, Gregory"]
[Black "Bandet, Raphael"]
[Result "0-1"]
[WhiteElo "1987"]
[BlackElo "2156"]
[PlyCount "71"]

1. b3 e5 2. Bb2 Nc6 3. e3 d6 4. Bb5 Bd7 5. Nf3 a6 6. Bxc6 Bxc6 7. d4 e4 8. Nfd2
Qg5 9. O-O Nf6 10. c4 d5 11. Qe2 Bd6 12. f4 exf3 13. Nxf3 Qh5 14. Nc3 Ne4 15.
Qc2 Nxc3 16. Bxc3 dxc4 17. e4 cxb3 18. axb3 O-O 19. d5 Bb5 20. Rfe1 c6 21. Rad1
Rad8 22. Kh1 Bg3 23. Ba5 Rd7 24. Bb4 Rfd8 25. Re3 Bf4 26. Rc3 cxd5 27. Rc8 Bc6
28. Rxd8+ Rxd8 29. Qc5 h6 30. h3 Bd6 31. Qb6 Rd7 32. Bxd6 Rxd6 33. Qc5 Rf6 34.
Rf1 b6 35. Qe7 dxe4 36. Qd8+ 0-1

[Event "7e Festival de Vaujany 2016 - principal"]
[Site "?"]
[Date "2016.07.20"]
[Round "5.17"]
[White "Georges, Thomas"]
[Black "Houard, Sebastien"]
[Result "1/2-1/2"]
[WhiteElo "1980"]
[BlackElo "2133"]
[PlyCount "153"]

1. e4 e5 2. Nf3 Nc6 3. Bb5 a6 4. Ba4 Nf6 5. O-O b5 6. Bb3 Be7 7. Re1 O-O 8. h3
d6 9. c3 Na5 10. Bc2 c5 11. d4 Qc7 12. d5 Bd7 13. b3 Nb7 14. c4 b4 15. Nbd2 a5
16. Bb2 g6 17. Nf1 Nh5 18. Ne3 Nf4 19. Ng4 f6 20. Kh2 h5 21. Ne3 Qc8 22. Ng1
Nd8 23. h4 Kg7 24. g3 Nh3 25. Nxh3 Bxh3 26. Bd3 Nf7 27. Bf1 Bg4 28. Be2 Nh6 29.
Rg1 Bxe2 30. Qxe2 Ng4+ 31. Nxg4 hxg4 32. Kg2 f5 33. f3 f4 34. Rgf1 gxf3+ 35.
Qxf3 g5 36. hxg5 Bxg5 37. Qh5 Bh6 38. gxf4 Bxf4 39. Rh1 Rh8 40. Qxh8+ Qxh8 41.
Rxh8 Rxh8 42. Rh1 Ra8 43. Bc1 Bxc1 44. Rxc1 a4 45. Kf3 axb3 46. axb3 Ra2 47.
Rb1 Rc2 48. Kg4 Kf6 49. Ra1 Rg2+ 50. Kf3 Rb2 51. Ra6 Kg5 52. Rxd6 Rxb3+ 53. Ke2
Kf4 54. Rc6 Kxe4 55. Rxc5 Rb2+ 56. Kd1 Kd4 57. d6 Kxc5 58. d7 Kxc4 59. d8=Q Rb3
60. Qg8+ Kc3 61. Qg3+ Kc4 62. Qxe5 Rc3 63. Qe4+ Kb3 64. Qb1+ Kc4 65. Kd2 Kb5
66. Qa2 Kc5 67. Qa6 Ra3 68. Qc8+ Kb5 69. Qd7+ Kc5 70. Kc2 Rc3+ 71. Kb2 Ra3 72.
Qc7+ Kb5 73. Qe5+ Kc4 74. Qe4+ Kc5 75. Qe5+ Kc4 76. Qf4+ Kc5 77. Qf5+ 1/2-1/2

[Event "7e Festival de Vaujany 2016 - principal"]
[Site "?"]
[Date "2016.07.20"]
[Round "5.18"]
[White "Zachary, Matheo"]
[Black "Prats Rodriguez, Juan Bosco"]
[Result "1-0"]
[WhiteElo "2130"]
[BlackElo "1978"]
[PlyCount "77"]

1. e4 d6 2. d4 Nf6 3. Nc3 g6 4. f4 Bg7 5. a3 O-O 6. Nf3 c6 7. Bd3 Bg4 8. h3
Bxf3 9. Qxf3 Qb6 10. Rb1 e6 11. Be3 Qa5 12. O-O Nbd7 13. e5 dxe5 14. fxe5 Nd5
15. Nxd5 cxd5 16. h4 f6 17. Qg4 f5 18. Qg5 Qd8 19. b3 Nb6 20. c4 Qxg5 21. Bxg5
Rf7 22. c5 Nd7 23. b4 a6 24. a4 Rc8 25. Bd2 Nb8 26. b5 axb5 27. axb5 Bf8 28.
Ra1 Be7 29. g3 Bd8 30. Ra8 h5 31. b6 Kf8 32. Rb1 Be7 33. Rba1 Bd8 34. R1a7 Kg7
35. Ba5 f4 36. c6 Rxc6 37. Rxb8 Bxb6 38. Bxb6 Rxb6 39. Raa8 1-0

[Event "7e Festival de Vaujany 2016 - principal"]
[Site "?"]
[Date "2016.07.20"]
[Round "5.20"]
[White "Mihok, Laszlo"]
[Black "Marin Benito, Carla"]
[Result "1-0"]
[WhiteElo "2096"]
[BlackElo "1904"]
[PlyCount "147"]

1. d4 Nf6 2. Bg5 g6 3. Bxf6 exf6 4. c4 Bg7 5. Nc3 O-O 6. e3 Re8 7. g3 d6 8. Bg2
f5 9. Nge2 Nd7 10. O-O Nf6 11. Qd3 c6 12. b4 Qe7 13. b5 Bd7 14. Rab1 Rab8 15.
Rb2 c5 16. Nd5 Nxd5 17. Bxd5 Rec8 18. Rc1 cxd4 19. Nxd4 Rc5 20. Rbc2 Be6 21.
Bg2 Rbc8 22. Nb3 R5c7 23. a4 h6 24. a5 a6 25. b6 Rd7 26. Nd4 Rc5 27. Nb3 Rc8
28. Bd5 Rdd8 29. Qe2 Qd7 30. Qd3 Be5 31. Qd2 Bg7 32. Qb4 Be5 33. Rd1 g5 34. f4
Bg7 35. Rcd2 Bf8 36. Rd3 Qe7 37. Qd2 Bxd5 38. cxd5 Rc4 39. Rd4 Rdc8 40. Rxc4
Rxc4 41. Qd3 Rc8 42. Nd4 Rc5 43. Nxf5 Qf6 44. e4 Rxa5 45. Re1 Ra1 46. Qe3 Qb2
47. fxg5 Rxe1+ 48. Qxe1 Qxb6+ 49. Kg2 Qb2+ 50. Kh3 hxg5 51. Qe3 f6 52. Qf3 Qb1
53. Kg4 a5 54. h4 gxh4 55. Kxh4 Qc1 56. Ne3 Bg7 57. Kh5 a4 58. Qf5 Qc7 59. Qg4
a3 60. Nf5 Qf7+ 61. Kh4 Kh7 62. Qf3 Qg6 63. Qxa3 Bf8 64. Qb2 Qf7 65. Nd4 Bh6
66. Ne6 Qe7 67. Kh3 Kg6 68. Qe2 Kh7 69. Qf1 Qf7 70. Qb5 Be3 71. Nd8 Qh5+ 72.
Kg2 Kh6 73. Nxb7 Qd1 74. Qf1 1-0